Disaster Relief Rehabilitation and Emergency Humanitarian Assistance (Record no. 385)
[ view plain ]
| 000 -LEADER | |
|---|---|
| fixed length control field | 00364 a2200109 4500 |
| 020 ## - INTERNATIONAL STANDARD BOOK NUMBER | |
| International Standard Book Number | 8190309897 |
| 082 ## - DEWEY DECIMAL CLASSIFICATION NUMBER | |
| Classification number | 361.5 SIN |
| 100 ## - MAIN ENTRY--PERSONAL NAME | |
| Personal name | Sinha, Prabhas C. |
| 245 ## - TITLE STATEMENT | |
| Title | Disaster Relief Rehabilitation and Emergency Humanitarian Assistance |
| Statement of responsibility, etc. | Prabhas C. Sinha |
| 260 ## - PUBLICATION, DISTRIBUTION, ETC. | |
| Place of publication, distribution, etc. | New Delhi : |
| Name of publisher, distributor, etc. | SBS Publishers and Distributors Pvt. Ltd. |
| Date of publication, distribution, etc. | 2006 |
| 300 ## - PHYSICAL DESCRIPTION | |
| Extent | xx, 281p. : |
| Dimensions | 22 cm |
| 650 ## - SUBJECT ADDED ENTRY--TOPICAL TERM | |
| Topical term or geographic name entry element | Disaster Management |
| Withdrawn status | Lost status | Damaged status | Not for loan | Permanent Location | Current Location | Shelving location | Date acquired | Total Checkouts | Full call number | Barcode | Date last seen | Price effective from | Koha item type |
|---|---|---|---|---|---|---|---|---|---|---|---|---|---|
| School of Civil and Environmental Engineering (SCEE) | School of Civil and Environmental Engineering (SCEE) | 361.5 SIN | NIT-6503 | 01/05/2017 | 01/05/2017 | Book |
